[Event "Mondariz op"]
[Site "Mondariz"]
[Date "1996.??.??"]
[Round "?"]
[White "Gonzalez, Raul"]
[Black "Carrasco Martinez, Juan M"]
[Result "0-1"]
[WhiteElo "2450"]
[BlackElo "2250"]

1.e4 g6 2.d4 Bg7 3.Nc3 c6 4.Bc4 d6 5.Qf3 e6 6.Nge2 Nd7 7.Bb3 Ngf6 8.Bg5 h6
9.Bh4 O-O 10.O-O-O Qc7 11.g4 Nh7 12.Qe3 e5 13.dxe5 dxe5 14.Be7 Re8 15.Bd6 Qb6
16.Qg3 Nc5 17.f4 Nxb3+ 18.axb3 exf4 19.Qxf4 Qa5 20.Kb1 Qg5 21.Qf2 Bxg4 22.Rhf1 Qf6
23.Qg3 Qe6 24.Nd4 Qd7 25.Rd3 Ng5 26.e5 c5 27.Ndb5 Bf5 28.Rdd1 Rac8 29.Bf8 Bxe5
30.Qh4 Qe6 31.Bxh6 Nh7 32.Rfe1 Qxb3 33.Qf2 Qb4 34.Bd2 a6 35.Na3 b5 36.Rc1 Qd4
37.Be3 Qd6 38.Red1 Qe6 39.Nd5 b4 40.Nc4 b3 41.Rd2 bxc2+ 42.Ka1 Rcd8 43.Ndb6 Nf6
44.Rxd8 Rxd8 45.Nxe5 Qxb6 46.Nc4 Qb3 47.Qf4 Nd5 48.Qh4 Qa4+  0-1

[Event "RUS-Cup2"]
[Site "Moscow"]
[Date "1996.??.??"]
[Round "1"]
[White "Osadchenko, Andrei"]
[Black "Komliakov, Viktor"]
[Result "0-1"]
[WhiteElo "2180"]
[BlackElo "2450"]

1.e4 g6 2.d4 Bg7 3.Nc3 c6 4.Nf3 d6 5.Be3 Nf6 6.e5 dxe5 7.Nxe5 Nbd7 8.Bc4 Nxe5
9.dxe5 Qxd1+ 10.Nxd1 Nd5 11.Bd4 Be6 12.O-O Nf4 13.Bxe6 Ne2+ 14.Kh1 Nxd4 15.Bc4 Bxe5
16.c3 Nf5 17.Ne3 Nxe3 18.fxe3 e6 19.Rad1 Ke7 20.g3 h5 21.Kg2 Rad8 22.Be2 a5
23.Rxd8 Rxd8 24.Rd1 Rb8 25.Bf3 Rc8 26.Rd2 b5 27.Bd1 a4 28.a3 c5 29.Kf3 c4
30.Kf2 Bf6 31.Bc2 Rc5 32.Be4 Bg5 33.Bf3 Re5 34.Re2 Bh6 35.Re1 Rf5 36.Kg2 Bg5
37.h3 Re5 38.Kf2 h4 39.g4 Rc5 40.Rd1 Bf6 41.Rd2 Rc7 42.Be2 Be5 43.Bf3 Bg3+
44.Ke2 f5 45.e4 Rc5 46.exf5 gxf5 47.gxf5 Re5+ 48.Kd1 Rxf5 49.Bc6 Rc5 50.Rd7+ Kf6
51.Bb7 Rf5 52.Bc6 Rf1+ 53.Kc2 Bf4 54.Rd1 Rf2+ 55.Kb1 Rh2 56.Rh1 Rd2 57.Bxb5 e5
58.Bxa4 e4 59.Re1 e3 60.Bc6 Ke5 61.Bf3 Rh2 62.Bg4 Ke4 63.a4 Bg3 64.Re2 Kd3
65.Rxh2 Bxh2 66.a5 e2 67.Bxe2+ Kxe2 68.b3 Bb8 69.bxc4 Kf3 70.Kb2 Kg3 71.Kb3 Kxh3
72.a6 Kg3 73.Kb4  0-1

[Event "Moscow Alekhine op"]
[Site "Moscow"]
[Date "1996.??.??"]
[Round "3"]
[White "Belikov, Vladimir"]
[Black "Frog, Ilya"]
[Result "1/2-1/2"]
[WhiteElo "2500"]
[BlackElo "2380"]

1.e4 g6 2.d4 Bg7 3.Nc3 c6 4.h3 d5 5.Nf3 dxe4 6.Nxe4 Nd7 7.Bd3 Ngf6 8.Nxf6+ Nxf6
9.O-O O-O 10.Re1 Bf5 11.Bxf5 gxf5 12.c3 e6 13.Bf4 Nd5 14.Be5 f6 15.Bh2 Qd7
16.c4 Nb6 17.Qe2 Rfe8 18.Kh1 Rad8 19.Rad1 Qf7 20.b3 Nd7 21.Bc7 Rc8 22.Bd6 Nf8
23.Rd3 Rcd8 24.c5 Bh6 25.Nd2 Ng6 26.Nc4 b5 27.cxb6 axb6 28.Bh2 Bf4 29.Bxf4 Nxf4
30.Rg3+ Kh8 31.Qe3 Nd5 32.Qc1 f4 33.Rf3 Rg8 34.Qc2 Ra8 35.a4 b5 36.Nb2 Qg7
37.Rg1 Qg6 38.Qxc6 Qe4 39.Qxb5 Rxg2 40.Rxg2 Qxf3 41.Qd3 Ne3 42.fxe3 Qxh3+
43.Rh2 Qf3+ 44.Rg2 Qh3+ 45.Rh2 Qf3+ 46.Rg2 Qh3+ 47.Kg1  1/2-1/2

[Event "Moscow Alekhine op"]
[Site "Moscow"]
[Date "1996.??.??"]
[Round "9"]
[White "Gorjatchev, Victor"]
[Black "Komliakov, Viktor"]
[Result "0-1"]
[WhiteElo "2355"]
[BlackElo "2500"]

1.e4 g6 2.d4 Bg7 3.Nc3 c6 4.Be3 d5 5.f3 dxe4 6.fxe4 Nf6 7.h3 O-O 8.Nf3 Qb6
9.Qc1 Nh5 10.Bc4 Ng3 11.Rg1 Qb4 12.Bd3 c5 13.Bd2 c4 14.Nd5 Qb5 15.Bf4 cxd3
16.Bxg3 Qd7 17.cxd3 Nc6 18.Qc4 e6 19.Nc7 b5 20.Qc5 Nxd4 21.Ne5 Qd8 22.h4 Rb8
23.Rd1  0-1

[Event "JUG-ch op"]
[Site "Nis"]
[Date "1996.??.??"]
[Round "3"]
[White "Benderac, Srdjan"]
[Black "Popchev, Milko"]
[Result "1-0"]
[WhiteElo "2240"]
[BlackElo "2475"]

1.e4 g6 2.d4 Bg7 3.Nc3 c6 4.Bc4 d6 5.Qf3 e6 6.Nge2 b5 7.Bb3 Nd7 8.Bf4 Nb6
9.h4 b4 10.Na4 Ba6 11.Nxb6 axb6 12.O-O-O Nf6 13.Bxd6 Qxd6 14.e5 Bxe2 15.Qxe2 Qe7
16.exf6 Qxf6 17.Qc4 c5 18.Qb5+ Kf8 19.Qxb6 Qf4+ 20.Kb1 Bxd4 21.h5 g5 22.Qc6 Rb8
23.g3 Qf6 24.Qd6+ Kg7 25.h6+ Kg6 26.c3 Qe5 27.Rxd4  1-0

[Event "JUG-ch op"]
[Site "Nis"]
[Date "1996.??.??"]
[Round "7"]
[White "Lazarevic, Slobodan"]
[Black "Petrovic, Marija"]
[Result "0-1"]
[WhiteElo "2350"]
[BlackElo "2260"]

1.e4 g6 2.d4 Bg7 3.Nc3 c6 4.Be3 d6 5.g3 Nf6 6.h3 O-O 7.Bg2 e5 8.Nge2 exd4
9.Nxd4 Nbd7 10.O-O Nb6 11.Nde2 d5 12.exd5 Nfxd5 13.Nxd5 Nxd5 14.Bd4 Nf6 15.c4 Be6
16.b3 Qc8 17.g4 Rd8 18.Qc2 h5 19.g5 Bf5 20.Qb2 Ne8 21.Bxg7 Nxg7 22.Kh2 Rd3
23.Ng3 Qc7 24.f4 Rad8 25.Rae1 Rd2 26.Qf6 h4 27.Nxf5 Nxf5 28.c5 Qd7 29.Kg1 Qd4+
30.Qxd4 R8xd4 31.Re8+ Kg7 32.Rb8 Ne3 33.Rf2 Rd1+ 34.Kh2 Rd7 35.Re2 Re7 36.Rf2 Rd4
37.Bh1 Nd1 38.Rc2 Rxf4 39.b4 Ne3 40.Rc1 Rf2+ 41.Kg1 Rxa2 42.b5 Re5  0-1

[Event "JUG-ch op"]
[Site "Nis"]
[Date "1996.??.??"]
[Round "8"]
[White "Vujosevic, Vladimir"]
[Black "Petrovic, Marija"]
[Result "1/2-1/2"]
[WhiteElo "2400"]
[BlackElo "2260"]

1.e4 g6 2.d4 Bg7 3.Nc3 c6 4.Be3 d6 5.Qd2 a6 6.f4 d5 7.e5 h5 8.Nf3 Nh6 9.h3 Bf5
10.Be2 b5 11.a4 b4 12.Nd1 a5 13.Nf2 Bc8 14.Nd3 Nf5 15.Bf2 h4 16.O-O e6 17.Ng5 Nd7
18.Bg4 Bf8 19.Bxf5 gxf5 20.Rfd1 Be7 21.c3 b3 22.Nc5 Nxc5 23.dxc5 Bxg5 24.fxg5 Ba6
25.Be3 Qe7 26.Bf4  1/2-1/2

[Event "Nova Gorica"]
[Site "Nova Gorica"]
[Date "1996.??.??"]
[Round "3"]
[White "Palac, Mladen"]
[Black "Sulava, Nenad"]
[Result "1/2-1/2"]
[WhiteElo "2545"]
[BlackElo "2480"]

1.e4 g6 2.d4 Bg7 3.Nc3 c6 4.h3 Nf6 5.Be3 d5 6.e5 Ne4 7.Nxe4 dxe4 8.Bc4 O-O
9.Ne2 c5 10.c3 Nc6 11.O-O cxd4 12.cxd4 Na5 13.Bb3 Nxb3 14.Qxb3 b6 15.Nc3 Bb7
16.Rfe1 Qd7 17.Bf4 Qf5 18.Bg3 Rfd8 19.d5  1/2-1/2

[Event "RUS-Cup3"]
[Site "Omsk"]
[Date "1996.??.??"]
[Round "6"]
[White "Likov, Vasili"]
[Black "Kislova, Valentina"]
[Result "1-0"]
[WhiteElo "2260"]
[BlackElo "2135"]

1.e4 c6 2.d4 g6 3.Nc3 Bg7 4.f4 d5 5.e5 h5 6.Be3 Nh6 7.Qd2 Ng4 8.Nf3 Nxe3
9.Qxe3 Bf5 10.O-O-O e6 11.h3 h4 12.Bd3 Bf8 13.Kb1 Qa5 14.Ne2 b5 15.Ng5 Nd7
16.g4 hxg3 17.Nxg3 c5 18.Bxf5 cxd4 19.Rxd4 gxf5 20.Nxf5 Bc5 21.Nd6+ Ke7 22.f5 Bxd4
23.Qxd4 Qb6 24.f6+ Nxf6 25.Qf4 Rh6 26.Ndxf7 Rg6 27.Qb4+ Ke8 28.exf6 Rxf6
29.Re1 Rb8 30.Qg4 Ke7 31.Qb4+ Ke8 32.a3 a5 33.Qh4 b4 34.Qh8+ Ke7 35.Qg7 bxa3
36.Ne5+ Kd6 37.Qd7+ Kc5 38.Nd3+  1-0

[Event "RUS-Cup3"]
[Site "Omsk"]
[Date "1996.??.??"]
[Round "8"]
[White "Kuchatova, N."]
[Black "Bezgodov, Alexei"]
[Result "0-1"]
[WhiteElo "2100"]
[BlackElo "2490"]

1.e4 g6 2.d4 Bg7 3.Nc3 c6 4.f4 d5 5.e5 Nh6 6.Nf3 f6 7.Bd3 O-O 8.O-O Bg4 9.Kh1 e6
10.h3 Bxf3 11.Rxf3 Nd7 12.exf6 Qxf6 13.Be3 Nf5 14.Bxf5 exf5 15.Ne2 Nb6 16.Rb1 Nc4
17.Bf2 Rae8 18.b3 Nd6 19.c4 Qe6 20.Re3 Ne4 21.Bg1 dxc4 22.bxc4 Qxc4 23.Rxb7 Qxa2
24.Qb3+ Qxb3 25.Rexb3 Nd2 26.Re3 Nc4 27.Rc3 Nb6 28.Rc2 Rf7 29.Rxf7 Kxf7 30.g4 fxg4
31.hxg4 Nd5 32.Kh2 a5 33.Kg3 a4 34.Kf3 Nb4 35.Rc4 Bf8 36.Nc1 a3 37.Be3 Rb8
38.Bd2 a2 39.Nb3 Nc2 40.Rxc2 Rxb3+  0-1

[Event "RUS-chT"]
[Site "Orel"]
[Date "1996.??.??"]
[Round "?"]
[White "Ovetchkin, Roman"]
[Black "Gabdrakhmanov, Rafail"]
[Result "0-1"]
[WhiteElo "2385"]
[BlackElo "2405"]

1.e4 c6 2.d4 g6 3.Nc3 Bg7 4.Bc4 d6 5.Qf3 Nf6 6.e5 dxe5 7.dxe5 Nd5 8.Nxd5 cxd5
9.Bxd5 O-O 10.Bxb7 Qa5+ 11.c3 Bxb7 12.Qxb7 Na6 13.Ne2 Nc5 14.Qf3 Nb3 15.axb3 Qxa1
16.Qe4 Rab8 17.O-O Rxb3 18.e6 f5 19.Qd5 Qa4 20.c4 Rbb8 21.Nd4 Rfd8 22.Qc6 Qb4
23.Nc2 Qb3 24.Ne3 Rd6 25.Qc7 Qb7 26.Qa5 Rxe6 27.Nd5 Rc8 28.b3 Qxb3 29.Ba3 Qb7
30.Qa4 Bf8 31.Bc1 Re4 32.Qd1 Rexc4 33.Qf3 Kf7 34.Bg5 e6 35.Qh3 Qxd5  0-1

[Event "Komercni Banka op"]
[Site "Pardubice"]
[Date "1996.??.??"]
[Round "8"]
[White "Ovetchkin, Roman"]
[Black "Betko, Lubomir"]
[Result "1-0"]
[WhiteElo "2375"]
[BlackElo "2225"]

1.e4 c6 2.d4 g6 3.Nc3 Bg7 4.Nf3 d6 5.h3 Nf6 6.Be2 O-O 7.O-O Nbd7 8.Bf4 e5
9.dxe5 dxe5 10.Nxe5 Nxe4 11.Nxe4 Nxe5 12.Qxd8 Rxd8 13.Bg5 Re8 14.Rfe1 Nd7
15.Bc4 Bf8 16.Bf4 Kg7 17.Ng5 Rxe1+ 18.Rxe1 Nb6 19.Bxf7 Bf5 20.Bb3 Nd5 21.Be5+  1-0

[Event "Komercni Banka op"]
[Site "Pardubice"]
[Date "1996.??.??"]
[Round "9"]
[White "Bystrov, Sergej"]
[Black "Jurica, Peter"]
[Result "1/2-1/2"]
[WhiteElo "2290"]
[BlackElo "2165"]

1.d4 g6 2.e4 Bg7 3.Nc3 c6 4.Nf3 d5 5.h3 dxe4 6.Nxe4 Nf6 7.Bd3 Nxe4 8.Bxe4 Bf5
9.Bxf5 Qa5+ 10.c3 Qxf5 11.O-O O-O 12.Re1 Re8 13.Qb3 Qb5 14.Qc2 Nd7 15.Bf4 Rad8
16.a4 Qc4 17.b3 Qd5 18.Rad1 Qf5 19.Qxf5 gxf5 20.Ne5 Nf6 21.c4  1/2-1/2

[Event "PER-ch 44th"]
[Site "Peru"]
[Date "1996.??.??"]
[Round "4"]
[White "Oblitas, Carlomagno"]
[Black "Belli, Mario"]
[Result "1/2-1/2"]
[WhiteElo "2420"]
[BlackElo "2430"]

1.e4 g6 2.d4 Bg7 3.Nc3 c6 4.Nf3 d6 5.Be2 Nf6 6.O-O O-O 7.Bf4 Nbd7 8.Re1 Qa5
9.Nd2 Qc7 10.Bg3 Ne8 11.Bh4  1/2-1/2

[Event "Petah Tiqwa"]
[Site "Petah Tiqwa"]
[Date "1996.??.??"]
[Round "8"]
[White "Klenburg, Mikhail"]
[Black "Kanstler, Boris"]
[Result "1/2-1/2"]
[WhiteElo "2270"]
[BlackElo "2455"]

1.e4 g6 2.d4 Bg7 3.Nc3 c6 4.Nf3 d6 5.Be2 Nf6 6.O-O O-O 7.a4 Nbd7 8.Bf4 Qa5
9.Nd2 Qc7 10.Nb3 e5 11.Be3 Re8 12.d5 cxd5 13.exd5 a6 14.a5 b6 15.axb6 Nxb6
16.Nb5 Qb8 17.Nc3 Qc7 18.Nb5  1/2-1/2

[Event "Polanica Zdroj op"]
[Site "Polanica Zdroj"]
[Date "1996.??.??"]
[Round "1"]
[White "Shilov, Sergej"]
[Black "Grubiak, Roman"]
[Result "1/2-1/2"]
[WhiteElo "2320"]
[BlackElo "2115"]

1.e4 g6 2.d4 Bg7 3.Nc3 c6 4.Nf3 d6 5.Be2 Nf6 6.O-O O-O 7.Bf4 Bg4 8.Qd2 Nbd7
9.Rad1 Qc7 10.e5 Ne8 11.exd6 exd6 12.Bh6 Bxf3 13.Bxf3 Bxh6 14.Qxh6 d5 15.h4 Ng7
16.g3 Rfe8 17.h5 Nf6 18.hxg6 fxg6 19.Kg2 Nf5 20.Qg5 Re6 21.Ne2 Qg7 22.Nf4 Re7
23.Rh1 Rae8 24.c3 Ne4 25.Bxe4 Rxe4 26.Rh3 Qe7 27.Qg4 Re1 28.Rxe1 Qxe1 29.Nxg6 hxg6
30.Qxg6+ Ng7 31.Rh4 Re4 32.Rh7  1/2-1/2

[Event "POR-CHN m"]
[Site "?"]
[Date "1996.??.??"]
[Round "9"]
[White "Peng Xiaomin"]
[Black "Silva, Fernando"]
[Result "1-0"]
[WhiteElo "2490"]
[BlackElo "2365"]

1.e4 g6 2.d4 Bg7 3.Nc3 c6 4.Nf3 d5 5.h3 Nh6 6.Bd3 f6 7.O-O O-O 8.Bxh6 Bxh6
9.Qe2 e6 10.a4 a5 11.Na2 Na6 12.c4 Rf7 13.Rad1 Bf8 14.Nc3 Nb4 15.Bb1 b6 16.b3 Raa7
17.h4 Rg7 18.g3 Kh8 19.Kg2 Rad7 20.e5 f5 21.Na2 Nxa2 22.Bxa2 Bb7 23.Ng5 Qe7
24.cxd5 exd5 25.e6 Rc7 26.Rfe1 Qf6 27.Nf7+ Kg8 28.h5 gxh5 29.Qxh5 f4 30.Bb1 Bb4
31.Re5 Bc8 32.Bxh7+ Kf8 33.Rf5 Qxe6 34.Nd8+  1-0

[Event "Randers"]
[Site "Randers"]
[Date "1996.??.??"]
[Round "2"]
[White "Moberg, Karl Johan"]
[Black "Poley, Vladimir"]
[Result "1/2-1/2"]
[WhiteElo "2405"]
[BlackElo "2410"]

1.e4 g6 2.d4 Bg7 3.Nc3 c6 4.Bc4 d5 5.exd5 b5 6.Bb3 b4 7.Nce2 cxd5 8.a3 bxa3
9.Rxa3 Nf6 10.Nf3 O-O 11.O-O e6 12.Bf4 Qb6 13.Nc3 Ba6 14.Re1 Rc8 15.Na4 Qd8
16.Nc5 Bb5 17.Ba4 Bxa4 18.Rxa4 Nfd7 19.b4 Nb6 20.Ra2 Nc4 21.Qe2 Nc6 22.c3 Qf6
23.Bg5 Qf5 24.h3 h5 25.Qd3 Qxd3 26.Nxd3 Rab8 27.Ra6 Rb6 28.Rea1 e5 29.dxe5 N6xe5
30.Nfxe5 Nxe5 31.Nf4 Rb5 32.R1a5 Rxa5 33.Rxa5 Rxc3 34.Nxd5 Nc6 35.Ra6 Rd3
36.Rxc6 Rxd5 37.Rc8+ Kh7 38.Be3 a6 39.Rc6 Rd1+ 40.Kh2 Rd6 41.Rc7 Kg8 42.Rc8+  1/2-1/2

[Event "Rishon Le Ziyyon"]
[Site "Rishon Le Ziyyon"]
[Date "1996.??.??"]
[Round "7"]
[White "Shmuter, Leonid"]
[Black "Manor, Ilan"]
[Result "1/2-1/2"]
[WhiteElo "2490"]
[BlackElo "2510"]

1.e4 g6 2.d4 Bg7 3.Nc3 c6 4.h4 d5 5.e5 h5 6.Bf4 Nh6 7.Qd2 b6 8.Nf3 e6 9.Ng5 Ba6
10.Bxa6 Nxa6 11.f3 Nf5 12.g4 Ne7 13.O-O-O Qd7 14.Qe2 b5 15.Nh3 Qb7 16.Nf2 b4
17.Nb1 c5 18.dxc5 Nxc5 19.Qe3 Rc8 20.Nd2 Qc7 21.Kb1 Nd7 22.Nd3 Qxc2+ 23.Ka1 Qa4
24.Rc1 Nc6 25.Nb3 Nb6 26.Ndc5 Qb5 27.Nb7 Nc4 28.Nd6+ Nxd6 29.exd6 Qb6 30.d7+ Kxd7
31.Nc5+ Ke7 32.Bg5+ Ke8 33.Nxe6 Bxb2+ 34.Kxb2 Qxe3 35.Nc7+ Rxc7 36.Bxe3 Kd7
37.Rhd1 Ne7 38.Rxc7+ Kxc7 39.Bd4 Re8 40.Bxa7 Nc6 41.Bc5 d4 42.gxh5 gxh5 43.Rd3 Re2+
44.Kb3 Rh2 45.Bxd4 Rxh4 46.Bc5 Rh1 47.Rd5 h4 48.Rf5 Nd8 49.Bxb4 h3 50.Rh5 Ne6
51.Bc3 Kc6 52.Be5 Re1 53.Kc4 Rc1+ 54.Bc3 Nf4 55.Rh6+ Kd7 56.Kb3 Rf1 57.Be5 Rxf3+
58.Kc2 Ne6 59.Kd2 Ra3 60.Kd1 Kc6 61.Bb8 Kd5 62.Ke1 f5  1/2-1/2

[Event "Rishon Le Ziyyon"]
[Site "Rishon Le Ziyyon"]
[Date "1996.??.??"]
[Round "9"]
[White "Kotronias, Vasilios"]
[Black "Manor, Ilan"]
[Result "1/2-1/2"]
[WhiteElo "2610"]
[BlackElo "2510"]

1.e4 g6 2.d4 Bg7 3.Nc3 c6 4.Nf3 d6 5.h3 Nf6 6.Bd3 O-O 7.O-O Nbd7 8.e5 dxe5
9.dxe5 Nd5 10.Nxd5 cxd5 11.Re1 Nc5 12.Be3 b6 13.c3 Bb7 14.Bc2 Qc7 15.Bd4 Rfd8
16.Qe2 Ne4 17.Nd2 Ng5 18.Rad1 Ne6 19.Nf3 Bh6 20.Be3 Bg7 21.Bd4 Bh6 22.Be3 Bg7  1/2-1/2

[Event "Rosario"]
[Site "Rosario"]
[Date "1996.??.??"]
[Round "4"]
[White "Servat, Roberto"]
[Black "Perez Cascella, Julio"]
[Result "1-0"]
[WhiteElo "2440"]
[BlackElo "2230"]

1.e4 g6 2.d4 Bg7 3.Nc3 c6 4.f4 d5 5.e5 h5 6.Nf3 Bg4 7.Be2 e6 8.Be3 Nh6 9.Qd2 Nd7
10.O-O Nf5 11.Bf2 Bf8 12.h3 Bxf3 13.Bxf3 h4 14.Ne2 a5 15.b3 a4 16.c4 Be7
17.Kh2 Qb6 18.c5 Qa6 19.b4 b5 20.cxb6 a3 21.Rfc1 Qxb6 22.Rab1 O-O 23.Bg4 Ra4
24.Bxf5 exf5 25.b5 cxb5 26.Nc3 Qa5 27.Rxb5 Qa6 28.Rcb1 Ra5 29.Qe2 Rxb5 30.Qxb5 Qxb5
31.Rxb5 Ra8 32.Nxd5 Bd8 33.Nb4 g5 34.d5 gxf4 35.Nc6 Bg5 36.Bd4 f3 37.gxf3 Re8
38.d6 f6 39.Ne7+ Kf7 40.exf6 Bxf6 41.Bxf6 Kxf6 42.Rxf5+ Ke6 43.Ra5 Rb8 44.Rxa3 Rb2+
45.Kg1 Kxd6 46.Nf5+ Ke5 47.Nxh4 Nf6 48.Ng2 Nd5 49.h4 Kf6 50.Rd3 Ke5 51.a3 Nf4
52.Nxf4 Kxf4 53.Kf1 Rh2 54.Ke1 Kg3 55.Kd1 Kxh4 56.Rd2 Rh3 57.Rd3 Rh2 58.Kc1 Kg3
59.Kb1 Kf4 60.a4 Rg2 61.a5 Rg5 62.Ra3 Rg1+ 63.Kc2 Rg2+ 64.Kc3  1-0

[Event "Rosario"]
[Site "Rosario"]
[Date "1996.??.??"]
[Round "8"]
[White "Serafino, Dario"]
[Black "Perez Cascella, Julio"]
[Result "1/2-1/2"]
[WhiteElo "2325"]
[BlackElo "2230"]

1.e4 g6 2.d4 Bg7 3.Nc3 c6 4.Nf3 d6 5.Be2 Nf6 6.O-O O-O 7.e5 Nd5 8.Nxd5 cxd5
9.Bf4 dxe5 10.Bxe5 Nc6 11.Bxg7 Kxg7 12.c3 Bg4 13.Qd2 e6 14.h3 Bxf3 15.Bxf3 b5
16.g3 Qb6 17.h4 h5 18.Bxh5 gxh5 19.Qg5+ Kh7  1/2-1/2

[Event "SVK-ch Boys U18"]
[Site "Ruzomberok"]
[Date "1996.??.??"]
[Round "4"]
[White "Hagara, Eduard"]
[Black "Betko, Lubomir"]
[Result "1-0"]
[WhiteElo "2140"]
[BlackElo "2195"]

1.e4 c6 2.d4 g6 3.Nc3 Bg7 4.Be3 d6 5.Qd2 b5 6.f3 Nd7 7.Nh3 Qc7 8.Nf2 Ngf6
9.Be2 Nb6 10.O-O O-O 11.Bh6 e5 12.Bxg7 Kxg7 13.Rad1 Be6 14.b3 Rfd8 15.f4 h6
16.g4 b4 17.Nb1 exf4 18.Qxf4 g5 19.Qf3 c5 20.d5 Bc8 21.Nd2 Qe7 22.h3 Nbd7
23.Nd3 Ba6 24.Rf2 Bxd3 25.Bxd3 Ne5 26.Qg3 Ng6 27.Rdf1 Nf4 28.Rxf4 gxf4 29.Qxf4 Qe5
30.Qxe5 dxe5 31.Bb5 Nh7 32.Rf5 f6 33.h4 Kf7 34.Nc4 Ke7 35.Rh5 Rg8 36.Ne3 Rxg4+
37.Nxg4 Rg8 38.Be2 f5 39.Rxf5  1-0

[Event "Sakthi"]
[Site "Sakthi"]
[Date "1996.??.??"]
[Round "6"]
[White "Tilak, Sharad S"]
[Black "Prasad, Devaki V"]
[Result "0-1"]
[WhiteElo "2385"]
[BlackElo "2445"]

1.e4 g6 2.d4 Bg7 3.Nc3 c6 4.Bc4 d6 5.Qf3 e6 6.Nge2 Nd7 7.Bb3 Ngf6 8.O-O O-O
9.Bg5 Qc7 10.h3 a6 11.a4 b6 12.Qe3 c5 13.Bh6 Bb7 14.Bxg7 Kxg7 15.d5 c4 16.Ba2 exd5
17.exd5 Rfe8 18.Qd4 Rac8 19.Ng3 Qc5 20.Qxc5 Rxc5 21.Rfe1 Rxe1+ 22.Rxe1 b5
23.axb5 axb5 24.Rd1 Nb6 25.Nge4 Nxe4 26.Nxe4 Rxd5 27.Rxd5 Bxd5 28.Nxd6 b4
29.Ne8+ Kf8 30.Nc7 b3 31.cxb3 cxb3 32.Bb1 Bc4 33.Be4 Na4 34.f4 Nxb2 35.Nd5 f5  0-1

[Event "Sarospatak op"]
[Site "Sarospatak"]
[Date "1996.??.??"]
[Round "?"]
[White "Daroczy, Sandor"]
[Black "Meszaros, Andras"]
[Result "0-1"]
[WhiteElo "2155"]
[BlackElo "2345"]

1.e4 g6 2.d4 c6 3.Nc3 Bg7 4.Nf3 d6 5.Be2 Nf6 6.O-O O-O 7.Bg5 Nbd7 8.Qd2 e5
9.dxe5 dxe5 10.Rad1 Qc7 11.Qd6 Qxd6 12.Rxd6 h6 13.Bxf6 Nxf6 14.Rfd1 Be6 15.Nd2 Ne8
16.Rd3 Bf6 17.Nb3 b6 18.R3d2 a5 19.a4 Be7 20.Nc1 Rb8 21.Nd3 Bg5 22.Nxe5 Bxd2
23.Rxd2 Rc8 24.Nc4 Bxc4 25.Bxc4 Ng7 26.f4 Rcd8 27.Bd3 Ne6 28.Rf2 Nc5 29.Rf3 Rd4
30.b3 Nxd3 31.cxd3 Rfd8 32.f5 Rxd3 33.fxg6 Rxf3 34.gxf3 Rd3 35.gxf7+ Kxf7
36.Ne2 Rxf3 37.Nd4 Rc3 38.e5 c5 39.e6+ Kf6 40.e7 Kxe7  0-1

[Event "SLO-ch (Women)"]
[Site "SLO"]
[Date "1996.??.??"]
[Round "?"]
[White "Mihevc, Narcisa"]
[Black "Licina, Anita"]
[Result "1/2-1/2"]
[WhiteElo "2235"]
[BlackElo "2155"]

1.e4 g6 2.d4 Bg7 3.Nc3 c6 4.Bc4 d6 5.Qf3 e6 6.Nge2 Nd7 7.a4 Ngf6 8.O-O O-O
9.Rd1 d5 10.exd5 exd5 11.Bd3 Nh5 12.Be3 f5 13.Nf4 Nxf4 14.Qxf4 Nf6 15.Ne2 Ng4
16.Bd2 Bh6 17.Qg3 Bxd2 18.Rxd2 f4 19.Qf3 Qf6 20.c4 Nh6 21.h3 Be6 22.b3 Rad8
23.Re1 g5 24.cxd5 Bxd5 25.Bc4 Kh8 26.Bxd5 Rxd5 27.Nc3 Rd7 28.Ne4 Qg6 29.Nc5 Rdf7
30.Re6 Qg7 31.d5 b6 32.Ne4 g4 33.hxg4 cxd5 34.Rxd5 Nxg4 35.Red6 Ne5 36.Qc3 Ng6
37.Rd7 Kg8 38.Qxg7+ Kxg7 39.Ng5 Rxd7 40.Rxd7+ Kh6 41.Nf7+ Kg7 42.Ne5+ Kf6
43.Nxg6 hxg6 44.Rxa7 Ke5 45.f3 Rc8 46.Ra6 Rb8 47.b4 Kd5 48.a5 b5 49.Rxg6 Kc4
50.a6 Ra8 51.g4 Kxb4 52.Kf2 Kb3 53.Rb6 b4 54.Ke2 Kc3 55.Rc6+ Kb2 56.Kd3 b3
57.Kc4 Ka2 58.Kd4 b2 59.Rb6 b1=Q 60.Rxb1 Kxb1 61.Ke5 Rxa6 62.Kxf4 Kc2 63.Kf5 Kd3
64.g5 Ke3 65.g6 Kxf3 66.g7  1/2-1/2

[Event "Zhukov mem"]
[Site "Spasskoe"]
[Date "1996.??.??"]
[Round "3"]
[White "Totsky, Leonid"]
[Black "Komliakov, Viktor"]
[Result "1-0"]
[WhiteElo "2430"]
[BlackElo "2500"]

1.e4 g6 2.d4 Bg7 3.Nc3 c6 4.Nf3 d5 5.h3 Nf6 6.Bd3 dxe4 7.Nxe4 Nxe4 8.Bxe4 Nd7
9.O-O c5 10.c3 O-O 11.Bg5 cxd4 12.Nxd4 Nf6 13.Bf3 h6 14.Bh4 Nh7 15.Re1 Ng5
16.Bxg5 hxg5 17.Nb3 Qxd1 18.Raxd1 Bf6 19.Nc5 Rb8 20.Nd7 Bxd7 21.Rxd7 Rfd8
22.Red1 Rxd7 23.Rxd7 b5 24.Rxa7 b4 25.cxb4 Rxb4 26.b3 Rd4 27.a4 Rd2 28.Kf1 e6
29.b4 Rb2 30.b5 Bd4 31.Ra8+ Kg7 32.Bc6 Bxf2 33.a5 Kf6 34.Rd8 Ra2 35.Rd7 Bg3
36.a6 Bf2 37.Rb7 Bd4 38.g4 Ke5 39.Rxf7 Bc5 40.Rd7 Kf4 41.Rd3 Bb6 42.Bb7 Ke5
43.Rc3 Rb2 44.Ra3 Rxb5 45.a7 Bxa7 46.Rxa7 Kf4 47.Ra4+ Kg3 48.Ra3+ Kh4 49.Be4 Rb2
50.Kg1 e5 51.Bg2 e4 52.Kh2 Rb8 53.Ra7 Rh8 54.Bxe4 Rh6 55.Kg2 Rh8 56.Bxg6 Rh6
57.Kf3  1-0

[Event "Zhukov mem"]
[Site "Spasskoe"]
[Date "1996.??.??"]
[Round "6"]
[White "Nikolenko, Oleg"]
[Black "Komliakov, Viktor"]
[Result "1-0"]
[WhiteElo "2485"]
[BlackElo "2500"]

1.e4 g6 2.d4 Bg7 3.Nc3 c6 4.Nf3 d5 5.h3 Nf6 6.Bd3 dxe4 7.Nxe4 Nxe4 8.Bxe4 Nd7
9.O-O c5 10.c3 O-O 11.Bc2 cxd4 12.Nxd4 a6 13.Bg5 Nf6 14.Re1 Re8 15.Qf3 Qd5
16.Qe3 Bd7 17.Bb3 Qc5 18.Rad1 e6 19.Bxf6 Bxf6 20.Qf3 Bxd4 21.cxd4 Qc7 22.d5 exd5
23.Bxd5 Bc6 24.Bxc6 Qxc6 25.Qxc6 bxc6 26.Rxe8+ Rxe8 27.Kf1 Re5 28.Rc1 Ra5
29.a3 c5 30.Ke2 Rb5 31.Rc2 Rb3 32.Kd1 Kf8 33.Kc1 Rb5 34.Re2 Rb8 35.Re5 Rc8
36.Kd2 Rc6 37.Kc3 f6 38.Rd5 Ke7 39.Kc4 Re6 40.Rd2 Re5 41.f4 Rf5 42.g3 h5
43.h4 Ke6 44.Rd8 g5 45.fxg5 fxg5 46.Ra8 g4 47.Rxa6+ Ke5 48.Rb6 Rf2 49.Rb3 Rc2+
50.Rc3 Rxb2 51.Kxc5 Ke6 52.a4 Kd7 53.a5 Kc7 54.Ra3  1-0

[Event "Petrov mem"]
[Site "St Petersburg"]
[Date "1996.??.??"]
[Round "1"]
[White "Zakharov, Alexander S"]
[Black "Komliakov, Viktor"]
[Result "1-0"]
[WhiteElo "2300"]
[BlackElo "2500"]

1.e4 g6 2.d4 Bg7 3.Nc3 c6 4.g3 d5 5.e5 f6 6.f4 Nh6 7.Bg2 O-O 8.Nf3 Bg4 9.O-O Qb6
10.Na4 Qa5 11.Nc5 Na6 12.Nxa6 Qxa6 13.Be3 Qb6 14.Qd2 Bf5 15.c3 Ng4 16.Rfe1 Be4
17.h3 Nxe3 18.Rxe3 fxe5 19.Nxe5 Bxe5 20.fxe5 Bxg2 21.Qxg2 Rf5 22.b3 Raf8
23.Rd1 e6 24.Qe2 Qc7 25.Rd2 Qf7 26.Kg2 Rf1 27.Rc2 Qf5 28.c4 h5 29.cxd5 cxd5
30.Rec3 Kg7 31.h4 g5 32.hxg5 Qxg5 33.Qxf1 Rxf1 34.Kxf1 Qg4 35.Rc7+ Kg6 36.Rf2 Qh3+
37.Ke1 h4 38.Rf6+ Kh5 39.Rh7+ Kg4 40.Rg7+ Kh5 41.g4+  1-0

[Event "SUI-chT"]
[Site "SUI"]
[Date "1996.??.??"]
[Round "2"]
[White "Vezzosi, Paolo"]
[Black "Terraz, Christian"]
[Result "0-1"]
[WhiteElo "2310"]
[BlackElo "2110"]

1.e4 g6 2.d4 Bg7 3.Nc3 c6 4.Nf3 d5 5.h3 Nf6 6.e5 Ne4 7.Nxe4 dxe4 8.Ng5 c5
9.Nxe4 cxd4 10.f4 Nc6 11.Bc4 O-O 12.O-O Qc7 13.Qe2 b6 14.Bd2 Bb7 15.e6 f5
16.Ng5 Nd8 17.Rad1 h6 18.Nf3 Qc5 19.b4 Qd6 20.Ne5 Kh7 21.Bc3 Nxe6 22.Nxg6 Kxg6
23.Bxe6 Be4 24.Bb3 a5 25.Qf2 Rfd8 26.bxa5 bxa5 27.a4 Kh7 28.Rd2 Qc5 29.Bb2 Ra6
30.Rfd1 Rg6 31.g3 Bb7 32.Kh2 e5 33.fxe5 Bxe5 34.Bxd4 Rxd4 35.Rxd4 Rxg3 36.Qxg3 Bxg3+
37.Kxg3 Qe5+ 38.Kf2 Qh2+ 39.Ke3 Qxh3+ 40.Kf4 Be4 41.Rd7+ Kh8 42.Rd8+ Kg7
43.R1d7+ Kg6 44.Rd6+ Kh7 45.R8d7+ Kh8 46.Rg6 Qf3+ 47.Ke5 Qc3+ 48.Kf4 Qf3+
49.Ke5 Qc3+ 50.Ke6 Qc6+ 51.Rd6 Qc8+ 52.Kf6 Qc3+ 53.Ke7 f4 54.Rxh6+ Kg7 55.Rhf6 Qe5+
56.Rfe6 Qf5 57.Rd7 Qf8+  0-1

[Event "SUI-chT"]
[Site "SUI"]
[Date "1996.??.??"]
[Round "3"]
[White "Vulevic, Vjekoslav"]
[Black "Terraz, Christian"]
[Result "1-0"]
[WhiteElo "2335"]
[BlackElo "2110"]

1.d4 g6 2.e4 Bg7 3.Nc3 c6 4.Bc4 d5 5.exd5 cxd5 6.Bxd5 e6 7.Bb3 Bxd4 8.Ne4 Nf6
9.Nf3 Nxe4 10.Qxd4 Qxd4 11.Nxd4 Nc5 12.Bc4 Bd7 13.Be3 Nba6 14.O-O-O O-O-O
15.Bg5 Rdf8 16.Bf6 Rhg8 17.Rhe1 Kb8 18.h4 Rc8 19.a3 Ka8 20.b3 Nc7 21.Re5 Nd5
22.Bxd5 exd5 23.Re7 Bf5 24.Kb2 Ne4 25.Rxf7 Nxf2 26.Rf1 Ng4 27.Bg5 Rge8 28.Rxh7 a6
29.Nxf5 gxf5  1-0

[Event "SUI-chT"]
[Site "SUI"]
[Date "1996.??.??"]
[Round "6"]
[White "Ekstroem, Roland"]
[Black "Gavrikov, Viktor"]
[Result "1-0"]
[WhiteElo "2430"]
[BlackElo "2605"]

1.e4 g6 2.d4 Bg7 3.Nc3 c6 4.Bf4 Qb6 5.Nge2 Qxb2 6.Rb1 Qa3 7.g3 d6 8.Bg2 Nd7
9.O-O Qa5 10.Qd2 Qc7 11.Be3 Nb6 12.Qd3 Nf6 13.h3 O-O 14.f4 Be6 15.f5 Bc4
16.Qd2 Ba6 17.Bh6 Nc4 18.Qg5 b5 19.Nf4 Rab8 20.Rbe1 b4 21.fxg6 hxg6 22.Bxg7 Kxg7
23.e5 dxe5 24.dxe5 Nxe5 25.Rf2 bxc3 26.Rxe5 Rb1+ 27.Kh2 Rh8 28.Be4 Nxe4 29.Rxe4 Rb5
30.Qxg6+ fxg6 31.Ne6+ Kh6 32.Nxc7  1-0